Staaten anhand der Form erraten #5 - Statistiken

Allgemein
  • Dieses Quiz wurde 67 mal gespielt
  • Das Durchschnittsergebnis liegt bei 7 aus 12
Antwortstatistiken
Bildquiz Antwort % Korrekt
Italien
98%
Finnland
81%
Schweiz
81%
Polen
76%
Senegal
74%
Malaysia
62%
Ecuador
57%
Turkmenistan
52%
Elfenbeinküste
40%
Bolivien
33%
Simbabwe
33%
Katar
29%
Keine übereinstimmenden Quizze gefunden
Verteilung der Resultate
Anzahl Personen mit jedem Resultat
Perzentil nach korrekt beantworteten Fragen
Ihre Resultats-Entwicklung
Sie haben dieses Quiz noch nicht gespielt